| 000 | 01220nam0a2200301 4500 | ||
|---|---|---|---|
| 001 | RU\NLR\bibl\805427 | ||
| 005 | 20260405221210.0 | ||
| 010 |
_a5-7107-8288-2 _92000 |
||
| 021 |
_aRU _b2005-9193 _9479 |
||
| 035 | _a(NLR Aleph) 000794560 | ||
| 090 |
_a1142767 _c1142767 |
||
| 100 | _a20050601d2004 |||y0rusy50 ca | ||
| 101 | 0 |
_arus _afre |
|
| 102 | _aRU | ||
| 105 | _ay ||||||||| | ||
| 200 | 1 |
_aУстные темы по французскому языку _e9-11 [классы] _eучебное пособие _f[авт.-сост.: В.Г. Владимирова, Е.Я. Григорьева] |
|
| 210 |
_aМосква _cДрофа _d2004 |
||
| 215 |
_a187,[1] с. _d20 |
||
| 225 | 1 | _aФранцузский для школьников | |
| 606 | 1 |
_aФранцузский язык _xРазговорные темы _92385356 _3RU\NLR\auth\661422887 |
|
| 686 | _aШ147.11-93рус2-6 | ||
| 702 | 1 |
_4220 _8rus _7ca _aВладимирова _bВ. Г. _cканд. пед. наук, лингвист _gВалентина Георгиевна _3RU\NLR\auth\7799547 _982473 |
|
| 801 | 0 |
_aRU _bNLR _c20050601 _gPSBO |
|
| 801 | 1 |
_aRU _bNLR _c20050601 |
|
| 830 | _aсост. по кн. | ||
| 942 | _cBOOK | ||
| 980 | _aNB | ||